Utwory Bolesława Prusa - nagła śmierć - Statystyki

Ogólne statystyki
  • Ten quiz został rozwiązany 342 razy
  • Średni wynik to 5 z 9
Answers on the Grid
Answers color-coded by a green-red scale on the quiz's grid according to % correct below.
,,Lalka"
,,Katarynka"
,,Faraon"
,,Emancypantki"
,,Omyłka"
,,Nawrócony"
,,Grzechy dzieciństwa"
,,Powracająca fala"
,,Antek"
,,Chłopi"
,,Potop"
,,Zbrodnia i kara"
,,Wiatr od morza"
,,Lilia Weneda"
,,Wesele"
 
Statystyki odpowiedzi
Odpowiedź % Poprawnych
,,Lalka"
96%
,,Katarynka"
73%
,,Faraon"
68%
,,Antek"
65%
,,Emancypantki"
65%
,,Grzechy dzieciństwa"
44%
,,Omyłka"
39%
,,Nawrócony"
38%
,,Powracająca fala"
38%
Nie znaleziono quizów pasujących do podanych kryteriów
Rozkład punktacji
Procent ludzi z każdym wynikiem
Percentyl według liczby udzielonych odpowiedzi
Twoja historia wyników
Nie rozwiązałeś tego quizu